000 00428nam a22001817a 4500
003 0
005 20220114142411.0
008 0
020 _a0727105027
040 _c0
050 _aTX714
_b.P288 1981
100 _aPassmore,Jacki
245 _aOriental snacks and appetizers
_cJacki Passmore
260 _aSydney:
_cc1981.
300 _a127pages:
_bwith Illustration;
_c27 cm.
650 _aCockery(Appetizer)
942 _2lcc
_cFR
999 _c3150
_d3150